NMR and NIR-CD studies on lanthanide complexes in solution : (Record no. 592653)

MARC details
000 -LEADER
fixed length control field 00512nam a2200181 a 4500
008 - FIXED-LENGTH DATA ELEMENTS--GENERAL INFORMATION
fixed length control field 251022s2004##################000#0#eng##
020 ## - INTERNATIONAL STANDARD BOOK NUMBER
ISBN 8876421432
082 04 - DEWEY DECIMAL CLASSIFICATION NUMBER
Classification number 597.9596
Item number PER
100 1# - MAIN ENTRY--AUTHOR NAME
Personal name Pintacuda, Guido,
245 10 - TITLE STATEMENT
Title NMR and NIR-CD studies on lanthanide complexes in solution :
260 ## - PUBLICATION, DISTRIBUTION, ETC. (IMPRINT)
Name of publisher Edizioni della Normale,
Year of publication 2004.
650 #0 - SUBJECT ADDED ENTRY--TOPICAL TERM
Topical Term Mathematics.
942 ## - ADDED ENTRY ELEMENTS (KOHA)
Koha item type English Books

No items available.

Find us on the map